Úvod do štúdia demografie

Recenzia na publikáciu Úvod do štúdia demografie od Brezáka, J. Kniha je určená pre širší okruh čitateľov, ktorí sa zaoberajú problematikou z oblasti sociálnej práce a sociálnej politiky. Práca je členená do 10 kapitol.

Salvato in:
Dettagli Bibliografici
Autore principale: Finková, Zuzana
Natura: Capitolo di libro
Lingua:slovacco
Soggetti:
Tags: Aggiungi Tag
Nessun Tag, puoi essere il primo ad aggiungerne!!

MARC

LEADER 00000naa$a2200000$$$4500
001 0046660
005 20240502071534.9
041 0 |a slo 
044 |a SK 
245 1 0 |a Úvod do štúdia demografie  |c Zuzana Finková 
520 |a Recenzia na publikáciu Úvod do štúdia demografie od Brezáka, J. Kniha je určená pre širší okruh čitateľov, ktorí sa zaoberajú problematikou z oblasti sociálnej práce a sociálnej politiky. Práca je členená do 10 kapitol. 
610 2 0 |a recenzie 
610 2 0 |a práca sociálna 
610 2 0 |a politika sociálna 
610 2 0 |a demografia 
100 1 |a Finková, Zuzana